00946nam a2200253Ia 4500003000400000005001700004008004100021020001800062040001800080041000800098082002000106100003200126245006400158250003600222260006700258300001600325650004000341650004500381650003900426650004200465942003000507999001900537952013600556OSt20220621134603.0210716s2007 xx 000 0 und d a9780070660465 cAIMIT LIBRARY aeng a005.8221bFORB aForouzan, Behrouz A.944216 aCryptography and network security /cBy Behrouz A. Forouzan a1st ed.bSpecial Indian Edition aNew Delhi :bTata McGraw Hill Publishing Company Ltd. ,c2009. axxvi, 721p. aCryptography-Data encryption944217 aTraditional Symmetric-key Ciphers944218 aMathematics of Cryptography944219 aAdvanced Encryptions Standard 944220 2ddccBKe1stk005.82 FORB c188335d188335 001040708MCAaAIMITbAIMITeHigginbothams Pvt Ltdg275.00l0o005.82 FORBpMCA07843r2026-05-23 00:00:00v220.00w2021-07-16yBK